00430 a2200121 4500100003300000245004900033300003800082650002100120773005500141942000700196952008800203999001700291 aPOLITICAL DESK REPORT924186 aMahama underscores need for judicial reforms aMonday, September 4, 2023 Page 18 aJudiciary9264090 tDaily GraphicdAccra Daily Graphic 2023x0855-1529 cPR 001040718PRaPLbPLcTFEWd2023-09-06l0r2023-09-06 00:00:00t1w2023-09-06yPR c45794d45794